000 01379nam a2200349 i 4500
001 178830
003 ES-MaACL
005 20250812080706.0
008 110714s2010 sp ao |||| |dspa d
020 _a978-84-615-0021-5
080 _a946.222.21Llerena(063)
080 _a7(063)
111 2 _aJornadas de Historia en Llerena (
_n11ª.
_d2010)
_9147343
245 1 3 _aEl arte en tiempos de cambio y crisis
_b: y otros estudios sobre Extremadura /
_c[XI Jornadas de Historia en Llerena, 22 y 23 de octubre de 2010 ; coordinación de la edición, Félix Iñesta Mena].
246 3 _aJornadas de Historia en Llerena
260 _aLlerena (Badajoz) :
_bSociedad Extremeña de Historia,
_c2010.
300 _a371p. :
_bil., fot. ;
_c24 cm.
500 _aÍndice.
504 _aReferencias bibliográficas.
546 _aResúmenes en español e inglés.
594 _aRelación de autores: E. Valdivieso González, C. Reyero, J.M. Bonet ...
650 0 _aArte y sociedad-
_zExtremadura
_9239878
651 0 _aExtremadura
_xHistoria
_9239879
700 1 _aIñesta Mena, Félix.
_9147344
700 1 _aValdivieso, Enrique.
_9112551
700 0 _aReyero, Carlos,
_d1957-
_996550
700 1 _aBonet, Juan Manuel.
_930121
710 2 _aSociedad Extremeña de Historia.
_96768
852 _aES-MaACL
_jL-89
942 _2udc
999 _c178830
_d178830